000 00307nam a2200133Ia 4500
008 240624s9999 xx 000 0 und d
041 _aeng
082 _a658.15 BRA
100 _aDUN
245 _aWEALTH MANAGEMENT
260 _c2009
_aNew Delhi
_bTata McGraw-Hill
300 _a160 : p.
365 _cRS
_b27
999 _c21239
_d21239